[Event "Plzen, FSB A"]
[Site "?"]
[Date "2003.??.??"]
[Round "2.6"]
[White "Hrbolka sr., L."]
[Black "Jansa, V."]
[Result "1/2-1/2"]
[WhiteElo "2174"]
[BlackElo "2470"]
[PlyCount "50"]
[EventDate "2003.??.??"]
[Source "ChessBase"]
[SourceDate "1996.11.15"]

1. Nf3 d6 2. d4 Bg4 3. c4 Nd7 4. Nc3 e5 5. g3 Bxf3 6. exf3 exd4 7. Qxd4 Ne7 8.
Bg2 Nc6 9. Qe4+ Be7 10. Nd5 O-O 11. Nxe7+ Nxe7 12. O-O Nc5 13. Qc2 Nc6 14. Be3
Qf6 15. f4 Nd4 16. Qd2 Nce6 17. b3 Rab8 18. Rad1 c5 19. Kh1 b5 20. cxb5 Rxb5
21. g4 g6 22. Rg1 Kh8 23. Bd5 Rb4 24. Rg3 Nc7 25. Bc4 a6 {partie skoncila ve
40. tahu} 1/2-1/2

[Event "Plzen, FSB A"]
[Site "?"]
[Date "2003.??.??"]
[Round "2.7"]
[White "Volosin, L."]
[Black "Cedikova, K."]
[Result "1-0"]
[WhiteElo "2468"]
[BlackElo "2168"]
[PlyCount "103"]
[EventDate "2003.??.??"]
[Source "ChessBase"]
[SourceDate "1996.11.15"]

1. c4 g6 2. g3 Bg7 3. Bg2 d6 4. Nc3 Nf6 5. e4 e5 6. Nge2 O-O 7. O-O Be6 8. b3
Qd7 9. d3 Bh3 10. b4 c6 11. Qb3 Na6 12. Ba3 Bxg2 13. Kxg2 Nh5 14. b5 Nc5 15.
Bxc5 dxc5 16. Ng1 f5 17. Na4 Qe7 18. bxc6 bxc6 19. Qa3 Rad8 20. Rab1 f4 21. Nf3
g5 22. g4 Nf6 23. h3 h5 24. Qxc5 Qe8 25. Qxe5 hxg4 26. hxg4 Qd7 27. Qf5 Qxd3
28. Qe6+ Rf7 29. Qxf7+ Kxf7 30. Ne5+ Kf8 31. Nxd3 Rxd3 32. f3 Ra3 33. Nc5 Rxa2+
34. Rf2 Rxf2+ 35. Kxf2 Nxg4+ 36. Ke2 Ne5 37. Ne6+ Kf7 38. Nxg5+ Kf6 39. Nh3
Nxc4 40. Nxf4 Ke5 41. Rb7 Kxf4 42. Rxg7 a5 43. Rf7+ Ke5 44. Kd3 Nb2+ 45. Kc3
Nd1+ 46. Kc2 Ne3+ 47. Kd3 Nd1 48. Rf5+ Kd6 49. Rxa5 Nb2+ 50. Kc3 Nd1+ 51. Kc2
Nf2 52. Rh5 1-0

[Event "Plzen, FSB A"]
[Site "?"]
[Date "2003.??.??"]
[Round "2.8"]
[White "Vagner, T."]
[Black "Gross, D."]
[Result "1/2-1/2"]
[WhiteElo "2161"]
[BlackElo "2451"]
[PlyCount "120"]
[EventDate "2003.??.??"]
[Source "ChessBase"]
[SourceDate "1996.11.15"]

1. e4 e5 2. Bc4 Bc5 3. d3 Nc6 4. Nf3 Nf6 5. Bg5 d6 6. O-O h6 7. Bh4 Bg4 8. c3
Qe7 9. b4 Bb6 10. Nbd2 g5 11. Bg3 Nh5 12. Bb5 Nxg3 13. hxg3 h5 14. d4 Bd7 15.
Bxc6 Bxc6 16. dxe5 dxe5 17. a4 a5 18. b5 Bd7 19. Nc4 f6 20. Qe2 h4 21. Nxb6
cxb6 22. Nd2 h3 23. g4 O-O-O 24. g3 Kb8 25. Nc4 Qc5 26. Ne3 Be6 27. c4 Rd4 28.
Qf3 Qe7 29. Rfd1 Rhd8 30. Rxd4 Rxd4 31. Rd1 Qb4 32. Kh2 Qxa4 33. Rc1 Qa3 34.
Qxf6 Qxc1 35. Qxe5+ Ka7 36. Qxd4 Qe1 37. Qf6 a4 38. Qb2 Kb8 39. c5 Ka7 40.
cxb6+ Kxb6 41. Qd4+ Ka5 42. Nc2 Qf1 43. Qa7+ Kxb5 44. Qxb7+ Ka5 45. Qb4+ Ka6
46. Qxa4+ Kb7 47. Qb4+ Kc7 48. Qc3+ Bc4 49. Qf3 Be2 50. Qf7+ Kb6 51. Ne3 Qe1
52. e5 Bb5 53. Qf3 Bc6 54. Nd5+ Bxd5 55. Qxd5 Qxf2+ 56. Kxh3 Qf1+ 57. Qg2 Qe1
58. Qb2+ Kc5 59. Qc2+ Kd5 60. Qd3+ Kxe5 1/2-1/2

[Event "Plzen, FSB A"]
[Site "?"]
[Date "2003.??.??"]
[Round "2.9"]
[White "Laznicka, V."]
[Black "Galicek, S."]
[Result "1-0"]
[WhiteElo "2446"]
[BlackElo "2155"]
[PlyCount "49"]
[EventDate "2003.??.??"]
[Source "ChessBase"]
[SourceDate "1996.11.15"]

1. e4 c5 2. Nf3 d6 3. d4 cxd4 4. Nxd4 Nf6 5. Nc3 a6 6. Be3 e6 7. f3 b5 8. Qd2
Nbd7 9. O-O-O Bb7 10. g4 Nb6 11. g5 Nfd7 12. Bd3 Rc8 13. Kb1 Be7 14. h4 Ne5 15.
Qe1 O-O 16. f4 Nxd3 17. cxd3 Re8 18. h5 Bf8 19. g6 fxg6 20. hxg6 h6 21. f5 exf5
22. Nxf5 b4 23. Qf2 Qd7 24. Bxh6 gxh6 25. g7 1-0

[Event "Plzen, FSB A"]
[Site "?"]
[Date "2003.??.??"]
[Round "2.10"]
[White "Bujak, M."]
[Black "Neuman, P."]
[Result "0-1"]
[WhiteElo "2159"]
[BlackElo "2438"]
[PlyCount "56"]
[EventDate "2003.??.??"]
[Source "ChessBase"]
[SourceDate "1996.11.15"]

1. e4 c5 2. Nf3 d6 3. d4 cxd4 4. Nxd4 Nf6 5. Nc3 Nc6 6. Bg5 Bd7 7. Be2 Qa5 8.
Bxf6 gxf6 9. Nb3 Qg5 10. g3 f5 11. f4 Qg6 12. Bh5 Qh6 13. e5 Be6 14. Qe2 dxe5
15. Rd1 Bg7 16. O-O O-O 17. fxe5 Nxe5 18. Nd5 Bxd5 19. Rxd5 e6 20. Rb5 b6 21.
Rb4 Qg5 22. Nd4 Rad8 23. c3 Rd7 24. Kg2 Rfd8 25. h4 Qh6 26. Kh3 Nd3 27. Bxf7+
Rxf7 28. Nc6 Rd6 0-1

[Event "Plzen, FSB A"]
[Site "?"]
[Date "2003.??.??"]
[Round "2.12"]
[White "Havlik jr., J."]
[Black "Kalod, R."]
[Result "0-1"]
[WhiteElo "2151"]
[BlackElo "2435"]
[PlyCount "68"]
[EventDate "2003.??.??"]
[Source "ChessBase"]
[SourceDate "1996.11.15"]

1. e4 c5 2. Nf3 d6 3. d4 cxd4 4. Nxd4 Nf6 5. Nc3 a6 6. Be3 e6 7. Be2 Qc7 8. O-O
b5 9. a3 Bb7 10. Bd3 Nbd7 11. Qe2 Be7 12. f4 O-O 13. f5 e5 14. Nb3 Rfe8 15. g4
d5 16. g5 Nxe4 17. Bxe4 dxe4 18. Qg4 Bf8 19. g6 Nf6 20. gxh7+ Kh8 21. Qe2 Rad8
22. h4 Nd5 23. Nxd5 Bxd5 24. Qg2 Kxh7 25. f6 Re6 26. fxg7 Bxg7 27. Rf5 Rg6 28.
Rg5 Bh6 29. Rf1 Rdg8 30. Kh1 Bxg5 31. hxg5 Kg7 32. Rf6 Rh8+ 33. Kg1 Qc8 34. Qf2
Qg4+ 0-1

[Event "Plzen, FSB A"]
[Site "?"]
[Date "2003.??.??"]
[Round "2.13"]
[White "Vrchotka, J."]
[Black "Konopka, M."]
[Result "0-1"]
[WhiteElo "2140"]
[BlackElo "2428"]
[PlyCount "86"]
[EventDate "2003.??.??"]
[Source "ChessBase"]
[SourceDate "1996.11.15"]

1. e4 Nf6 2. e5 Nd5 3. d4 d6 4. Bc4 Nb6 5. Bb3 Bf5 6. f4 e6 7. Nf3 Be7 8. O-O
O-O 9. c3 c5 10. Be3 cxd4 11. Nxd4 Bg6 12. exd6 Bxd6 13. Nb5 Be7 14. Qxd8 Bxd8
15. Nd6 Be7 16. Nxb7 Na6 17. Nd2 Rac8 18. Rae1 Rc7 19. Na5 Nc5 20. Bxc5 Rxc5
21. Nb7 Rc7 22. Na5 Bd3 23. Rf3 Rd8 24. Bd1 Bg6 25. Ndb3 Na4 26. Rf2 Bf6 27.
Bf3 Rd6 28. g4 Bh4 29. f5 Bxf2+ 30. Kxf2 Nxb2 31. fxg6 Nd3+ 32. Ke2 Nxe1 33.
gxh7+ Kh8 34. Kxe1 Rxc3 35. Be2 Rh3 36. Nc4 Rd5 37. Nbd2 Rxh2 38. Ne4 Rxh7 39.
Bf3 Kg8 40. Kf2 Rh2+ 41. Bg2 Rd4 42. Ncd2 f5 43. gxf5 exf5 0-1

[Event "Plzen, FSB A"]
[Site "?"]
[Date "2003.??.??"]
[Round "2.15"]
[White "Skacel, J."]
[Black "Bernasek, J."]
[Result "1/2-1/2"]
[WhiteElo "2093"]
[BlackElo "2402"]
[PlyCount "46"]
[EventDate "2003.??.??"]
[Source "ChessBase"]
[SourceDate "1996.11.15"]

1. e4 c5 2. Nc3 e6 3. g3 d5 4. exd5 exd5 5. Bg2 Nf6 6. Nge2 d4 7. Ne4 Nxe4 8.
Bxe4 Nd7 9. O-O Bd6 10. d3 O-O 11. Bf4 Ne5 12. Qd2 Bg4 13. Bxe5 Bxe5 14. Bg2
Re8 15. Rfe1 Qd7 16. Nc1 Rad8 17. Nb3 b6 18. a4 a5 19. Nc1 Bc7 20. Rxe8+ Rxe8
21. Ne2 Re7 22. b3 Qe8 23. h3 Bd7 {partie skoncila ve 49. tahu} 1/2-1/2

[Event "Plzen, FSB A"]
[Site "?"]
[Date "2003.??.??"]
[Round "2.17"]
[White "Nun, J."]
[Black "Purnoch, J."]
[Result "1/2-1/2"]
[WhiteElo "2358"]
[BlackElo "2139"]
[PlyCount "52"]
[EventDate "2003.??.??"]
[Source "ChessBase"]
[SourceDate "1996.11.15"]

1. e4 Nf6 2. e5 Nd5 3. d4 d6 4. f4 g6 5. c4 Nb6 6. Nc3 Bg7 7. Be3 Be6 8. b3 O-O
9. Nf3 Bg4 10. Be2 c6 11. O-O f6 12. exd6 exd6 13. Qd2 d5 14. Rac1 Re8 15. h3
Bxf3 16. Rxf3 f5 17. Bf2 N8d7 18. c5 Nc8 19. g4 Nf6 20. gxf5 gxf5 21. Rg3 Ne7
22. Kh1 Kh8 23. Rcg1 Rg8 24. R3g2 Ng6 25. Bd3 Qd7 26. Ne2 Bh6 1/2-1/2

[Event "Plzen, FSB A"]
[Site "?"]
[Date "2003.??.??"]
[Round "2.18"]
[White "Maupin, JP."]
[Black "Jurek, J."]
[Result "1/2-1/2"]
[WhiteElo "2040"]
[BlackElo "2342"]
[PlyCount "57"]
[EventDate "2003.??.??"]
[Source "ChessBase"]
[SourceDate "1996.11.15"]

1. e4 e6 2. d4 d5 3. Nd2 Nf6 4. e5 Nfd7 5. Bd3 c5 6. c3 Nc6 7. Ne2 cxd4 8. cxd4
f6 9. exf6 Nxf6 10. Nf3 Bd6 11. O-O O-O 12. Bg5 Bd7 13. Rc1 Kh8 14. Nc3 Be8 15.
h3 Bh5 16. g4 Bf7 17. Re1 Qb8 18. Qe2 Bg8 19. Rcd1 Bf4 20. Bb1 a6 21. Kg2 Qd6
22. Bxf4 Qxf4 23. Qe3 Nd7 24. Qxf4 Rxf4 25. Ne2 Rf6 26. Ng3 Re8 27. Re3 Rf7 28.
Nf5 Ref8 29. Nd6 1/2-1/2

[Event "Plzen, FSB A"]
[Site "?"]
[Date "2003.??.??"]
[Round "2.19"]
[White "Gross, S."]
[Black "Staszko, M."]
[Result "1-0"]
[WhiteElo "2328"]
[BlackElo "2083"]
[PlyCount "157"]
[EventDate "2003.??.??"]
[Source "ChessBase"]
[SourceDate "1996.11.15"]

1. Nf3 c5 2. c4 Nc6 3. Nc3 g6 4. e3 Bg7 5. d4 d6 6. d5 Ne5 7. Nxe5 Bxe5 8. Qc2
e6 9. Bd3 Ne7 10. O-O O-O 11. f4 Bg7 12. e4 f5 13. Bd2 fxe4 14. Bxe4 exd5 15.
Nxd5 Be6 16. Nxe7+ Qxe7 17. Rae1 Qd7 18. Bc3 Rae8 19. b3 b6 20. Bxg7 Qxg7 21.
Qd3 Rf6 22. Qxd6 Ref8 23. Bd5 Bxd5 24. Qxd5+ Qf7 25. Qxf7+ R8xf7 26. g3 Rd6 27.
Rf2 Kg7 28. Kg2 h5 29. Re5 Kh6 30. Kh3 Rff6 31. Rfe2 Rf7 32. Re7 Rxe7 33. Rxe7
a5 34. Re2 g5 35. fxg5+ Kxg5 36. Kg2 Kf5 37. Kh3 Kg5 38. Re5+ Kg6 39. g4 Rd3+
40. Kh4 hxg4 41. Kxg4 Rd4+ 42. Kf3 Kf6 43. Rd5 Rh4 44. Kg3 Rh8 45. Rd6+ Ke5 46.
Rxb6 a4 47. h4 Rg8+ 48. Kf3 Rf8+ 49. Ke3 Rh8 50. Rc6 Rxh4 51. Rxc5+ Kd6 52.
Rd5+ Kc6 53. Rb5 Rh2 54. bxa4 Rxa2 55. a5 Ra1 56. Kd3 Rd1+ 57. Kc2 Rh1 58. Kb2
Rh2+ 59. Kb3 Rh3+ 60. Kb4 Rh1 61. Rb6+ Kc7 62. Kb5 Rb1+ 63. Kc5 Rh1 64. Rb5
Rh5+ 65. Kb4 Rh1 66. a6 Rb1+ 67. Kc5 Ra1 68. Rb7+ Kc8 69. Kb6 Rb1+ 70. Kc6 Ra1
71. Rb6 Ra2 72. c5 Ra1 73. Kb5 Rb1+ 74. Kc4 Rc1+ 75. Kd4 Rd1+ 76. Kc3 Rc1+ 77.
Kb2 Rxc5 78. a7 Kc7 79. Ra6 1-0

[Event "Plzen, FSB A"]
[Site "?"]
[Date "2003.??.??"]
[Round "2.20"]
[White "Kratochvil, J."]
[Black "Sikora-Lerch, J."]
[Result "0-1"]
[WhiteElo "1977"]
[BlackElo "2324"]
[PlyCount "94"]
[EventDate "2003.??.??"]
[Source "ChessBase"]
[SourceDate "1996.11.15"]

1. e4 c5 2. Nf3 g6 3. d4 cxd4 4. Nxd4 Nc6 5. c4 Bg7 6. Be3 Nf6 7. Nc3 Ng4 8.
Qxg4 Nxd4 9. Qd1 e5 10. Bxd4 exd4 11. Nd5 O-O 12. Bd3 d6 13. O-O Rb8 14. b4 Be6
15. f4 Bxd5 16. exd5 Re8 17. Re1 Re3 18. Rxe3 dxe3 19. Rb1 Bc3 20. f5 Qf6 21.
Qf3 gxf5 22. Rf1 Re8 23. Qe2 Re5 24. b5 Bd4 25. Kh1 Bc5 26. a4 h6 27. Rf3 Kf8
28. Rf1 Qg5 29. g3 Qg4 30. Rf4 Qxe2 31. Bxe2 Kg7 32. Kg2 Bb6 33. Kf3 Kg6 34. h4
a5 35. Kg2 Bc5 36. Kf3 Kf6 37. Kg2 Re4 38. Kf3 Ke5 39. Bd3 Rxf4+ 40. gxf4+ Kd4
41. Bxf5 Kxc4 42. Bc2 Kc3 43. Bd1 Kd2 44. Be2 h5 45. Bf1 Bb6 46. Be2 Bd8 47.
Bf1 Bxh4 0-1

[Event "Plzen, FSB A"]
[Site "?"]
[Date "2003.??.??"]
[Round "2.21"]
[White "Novak, P."]
[Black "Vrana, J."]
[Result "1/2-1/2"]
[WhiteElo "2317"]
[BlackElo "1855"]
[PlyCount "92"]
[EventDate "2003.??.??"]
[Source "ChessBase"]
[SourceDate "1996.11.15"]

1. e4 e5 2. Nf3 Nf6 3. Nc3 Nc6 4. d4 Bb4 5. Nxe5 Nxe4 6. Qf3 Nf6 7. Be3 d5 8.
a3 Bxc3+ 9. bxc3 O-O 10. Nxc6 bxc6 11. Bd3 Bg4 12. Qg3 Bh5 13. O-O Bg6 14. Bg5
Nh5 15. Qh4 f6 16. Bxg6 hxg6 17. Bd2 f5 18. Qxd8 Raxd8 19. Rfe1 Kf7 20. Bg5 Nf6
21. f3 Rb8 22. Rab1 Rfe8 23. Kf2 Rb6 24. Rb3 Rxe1 25. Kxe1 Ne8 26. Bf4 Nd6 27.
h4 Ke6 28. Be5 Nc4 29. Bf4 Rxb3 30. cxb3 Nxa3 31. Bxc7 Nb5 32. Ba5 f4 33. Bb4
Kf5 34. Kd2 g5 35. hxg5 Kxg5 36. Bf8 g6 37. Be7+ Kf5 38. Kd3 Nc7 39. Bd6 Ne6
40. c4 g5 41. Be7 g4 42. Kc3 gxf3 43. gxf3 a5 44. Kd3 Ng5 45. Ke2 Ne6 46. Kd3
Ng5 1/2-1/2

[Event "Plzen, FSB A"]
[Site "?"]
[Date "2003.??.??"]
[Round "2.22"]
[White "Fales, A."]
[Black "Plischki, S."]
[Result "0-1"]
[WhiteElo "1937"]
[BlackElo "2310"]
[PlyCount "72"]
[EventDate "2003.??.??"]
[Source "ChessBase"]
[SourceDate "1996.11.15"]

1. d4 g6 2. c4 Bg7 3. Nc3 c5 4. Nf3 cxd4 5. Nxd4 Nc6 6. Nc2 Bxc3+ 7. bxc3 Qa5
8. Qd3 d6 9. e4 Nf6 10. f3 Be6 11. Bh6 Nd7 12. Ne3 Rc8 13. Nd5 f6 14. Qc2 Nce5
15. Qb3 b6 16. Rd1 Nc5 17. Qb5+ Kf7 18. Qxa5 bxa5 19. Be3 Rb8 20. Bxc5 dxc5 21.
Bd3 Rb2 22. Be2 Rhb8 23. f4 Nc6 24. Bf3 a4 25. a3 Na5 26. O-O Nxc4 27. Rfe1
Nxa3 28. f5 Bxd5 29. fxg6+ hxg6 30. Rxd5 Nc2 31. Rc1 a3 32. Bd1 a2 33. Bxc2
Rxc2 34. Ra1 Rb1+ 35. Rd1 Rxd1+ 36. Rxd1 Rb2 0-1

[Event "Plzen, FSB A"]
[Site "?"]
[Date "2003.??.??"]
[Round "2.23"]
[White "Folk, P."]
[Black "Traczewski, W."]
[Result "1-0"]
[WhiteElo "2284"]
[BlackElo "1800"]
[PlyCount "69"]
[EventDate "2003.??.??"]
[Source "ChessBase"]
[SourceDate "1996.11.15"]

1. e4 c5 2. Nc3 Nc6 3. Nf3 d6 4. d4 cxd4 5. Nxd4 Nf6 6. Bc4 e6 7. Be3 Be7 8.
Qe2 O-O 9. O-O-O a6 10. Bb3 Qc7 11. g4 Nxd4 12. Rxd4 b5 13. g5 Nd7 14. Rg1 Nc5
15. Qh5 Nxb3+ 16. axb3 f6 17. g6 hxg6 18. Qxg6 Rf7 19. Bh6 Bf8 20. Rd3 b4 21.
Rh3 bxc3 22. Bg5 cxb2+ 23. Kxb2 Rd7 24. Bxf6 d5 25. Qh7+ Kf7 26. Bxg7 Ke8 27.
Qg6+ Rf7 28. Rh8 Ke7 29. Bxf8+ Rxf8 30. Rh7+ Kd6 31. e5+ Kc6 32. Rxc7+ Kxc7 33.
Rg3 Rxf2 34. Rc3+ Kb8 35. Qe8 1-0

[Event "Plzen, FSB A"]
[Site "?"]
[Date "2003.??.??"]
[Round "2.25"]
[White "Kopasov, E."]
[Black "Freisler, P."]
[Result "1-0"]
[WhiteElo "2154"]
[BlackElo "2329"]
[PlyCount "69"]
[EventDate "2003.??.??"]
[Source "ChessBase"]
[SourceDate "1996.11.15"]

1. d4 Nf6 2. c4 d6 3. Nc3 Nbd7 4. e4 e5 5. Nf3 Be7 6. Be2 c6 7. O-O O-O 8. Be3
Ng4 9. Bd2 Qc7 10. d5 g6 11. h3 Ngf6 12. b4 c5 13. a3 Nh5 14. Re1 f5 15. exf5
gxf5 16. Nxe5 Nxe5 17. Bxh5 cxb4 18. axb4 Qxc4 19. f4 Qd4+ 20. Kh2 Nc4 21. Rxe7
Nxd2 22. Ne2 Qf6 23. Rc7 Ne4 24. Qd4 Qxd4 25. Nxd4 Nf6 26. Bf3 Rf7 27. Rac1
Rxc7 28. Rxc7 a6 29. Ne6 Bd7 30. Rxb7 a5 31. b5 a4 32. b6 Bc8 33. Ra7 Rxa7 34.
bxa7 Bb7 35. Nc5 1-0

[Event "Plzen, FSB A"]
[Site "?"]
[Date "2003.??.??"]
[Round "2.26"]
[White "Sladek, J."]
[Black "Studnicka, T."]
[Result "0-1"]
[WhiteElo "2081"]
[BlackElo "2282"]
[PlyCount "42"]
[EventDate "2003.??.??"]
[Source "ChessBase"]
[SourceDate "1996.11.15"]

1. e4 e5 2. Nf3 Nf6 3. d3 Nc6 4. c3 d5 5. Nbd2 a5 6. a4 Bc5 7. Be2 O-O 8. O-O
h6 9. Qc2 Be6 10. exd5 Nxd5 11. g3 Qb8 12. Ne4 Bb6 13. Bxh6 gxh6 14. c4 Nde7
15. Nf6+ Kg7 16. Nh5+ Kh8 17. Qd2 Ng8 18. Ng5 Qd8 19. Ne4 f5 20. Nef6 Rxf6 21.
Nxf6 Qxf6 0-1

[Event "Plzen, FSB A"]
[Site "?"]
[Date "2003.??.??"]
[Round "2.27"]
[White "Vinklarek, O."]
[Black "Volodin, V."]
[Result "0-1"]
[WhiteElo "2061"]
[BlackElo "2279"]
[PlyCount "39"]
[EventDate "2003.??.??"]
[Source "ChessBase"]
[SourceDate "1996.11.15"]

1. e4 c5 2. Nc3 Nc6 3. f4 g6 4. Nf3 Bg7 5. g3 d6 6. Bg2 e5 7. d3 Nge7 8. O-O
O-O 9. Qe1 Bd7 10. h3 Qb6 11. Rb1 Rae8 12. g4 exf4 13. Bxf4 Nd4 14. Nxd4 Bxd4+
15. Kh1 f6 16. Qd2 Be6 17. a3 g5 18. Bh2 Ng6 19. Bg3 Be5 20. Bf2 {Zapis dale
necitelny.} 0-1

[Event "Plzen, FSB A"]
[Site "?"]
[Date "2003.??.??"]
[Round "2.28"]
[White "Kantorik, M."]
[Black "Toman, J."]
[Result "1-0"]
[WhiteElo "2272"]
[BlackElo "2107"]
[PlyCount "79"]
[EventDate "2003.??.??"]
[Source "ChessBase"]
[SourceDate "1996.11.15"]

1. d4 d6 2. c4 g6 3. Nc3 Bg7 4. e4 Nf6 5. f4 O-O 6. Nf3 c5 7. d5 e6 8. Be2 exd5
9. cxd5 Bg4 10. O-O Nbd7 11. h3 Bxf3 12. Bxf3 a6 13. a4 c4 14. Be3 Qa5 15. Kh1
Rfe8 16. Re1 Re7 17. g4 Nc5 18. Bxc5 Qxc5 19. e5 Ne8 20. e6 Qb4 21. Qd2 Nc7 22.
f5 gxf5 23. gxf5 fxe6 24. Qg5 Qxb2 25. Rac1 Rf7 26. dxe6 Nxe6 27. fxe6 Rxf3 28.
Re2 Qa3 29. e7 Re8 30. Qd5+ Kh8 31. Rcc2 Rxc3 32. Rxc3 Qxc3 33. Qh5 Qa1+ 34.
Kh2 Qxa4 35. Qf7 Qd7 36. h4 Be5+ 37. Rxe5 h6 38. Re6 Qxe6 39. Qxe6 Kg7 40. h5
1-0

[Event "Plzen, FSB A"]
[Site "?"]
[Date "2003.??.??"]
[Round "2.30"]
[White "Adamek, F."]
[Black "Palek, M."]
[Result "1/2-1/2"]
[WhiteElo "2015"]
[BlackElo "2246"]
[PlyCount "172"]
[EventDate "2003.??.??"]
[Source "ChessBase"]
[SourceDate "1996.11.15"]

1. e4 c5 2. Nf3 e6 3. Nc3 a6 4. d4 cxd4 5. Nxd4 Qc7 6. a3 b5 7. Qd3 Bb7 8. Be2
Nc6 9. Nxc6 dxc6 10. O-O Rd8 11. Qg3 Qxg3 12. hxg3 Bc5 13. Bf4 Bd4 14. Rad1 e5
15. Bc1 Nf6 16. Bf3 Ke7 17. Ne2 Bb6 18. Bg5 h6 19. Bxf6+ Kxf6 20. Nc1 Bc8 21.
Be2 Be6 22. Rxd8 Rxd8 23. Rd1 Rc8 24. Kf1 Ke7 25. c3 f6 26. Ke1 Rc7 27. Rd2 c5
28. Rc2 c4 29. Rd2 Bc5 30. Bh5 Bc8 31. Bg6 a5 32. Na2 Be6 33. Ke2 Rb7 34. f3
Bd6 35. g4 Rb6 36. Ke3 Rc6 37. Ke2 Bg8 38. Ke3 Kd7 39. Ke2 Rb6 40. Ke3 Kc6 41.
Ke2 Be6 42. Ke3 Kc7 43. Ke2 Ra6 44. Be8 Rb6 45. Bg6 Rb8 46. Ke3 Rd8 47. Ke2 Kc6
48. Rd1 Ra8 49. Rd2 Rb8 50. Ke3 b4 51. axb4 axb4 52. Nxb4+ Bxb4 53. cxb4 Rxb4
54. Ke2 Rb7 55. Kd1 Kc5 56. Bf5 Bf7 57. Kc2 Be8 58. Rd5+ Kb4 59. Rd8 Ba4+ 60.
Kc1 c3 61. Be6 Bb5 62. Rc8 cxb2+ 63. Kxb2 Bf1 64. Bd5 Ra7 65. Rc2 Ra3 66. Rf2
Bb5 67. Be6 Re3 68. Kc2 Kc5 69. Rd2 Bc4 70. Bxc4 Kxc4 71. Kd1 Rd3 72. Ke2 Rxd2+
73. Kxd2 Kd4 74. Ke2 Kc3 75. Ke3 Kc2 76. Ke2 g6 77. Ke3 Kd1 78. Kf2 Kd2 79. Kf1
Ke3 80. Ke1 h5 81. gxh5 gxh5 82. Kf1 h4 83. Kg1 h3 84. Kh2 hxg2 85. Kxg2 Kf4
86. Kf2 f5 1/2-1/2

[Event "Plzen, FSB A"]
[Site "?"]
[Date "2003.??.??"]
[Round "2.31"]
[White "Trkulja, Z."]
[Black "Kupka, F."]
[Result "1/2-1/2"]
[WhiteElo "2220"]
[BlackElo "2011"]
[PlyCount "52"]
[EventDate "2003.??.??"]
[Source "ChessBase"]
[SourceDate "1996.11.15"]

1. e4 e6 2. d4 d5 3. Nc3 dxe4 4. Nxe4 Nd7 5. Nf3 Ngf6 6. Bg5 Be7 7. Nxf6+ Bxf6
8. h4 O-O 9. Bd3 c5 10. Qe2 cxd4 11. O-O-O Nc5 12. Bxf6 Qxf6 13. Ne5 Bd7 14.
Kb1 Rad8 15. g4 Qe7 16. g5 Nxd3 17. cxd3 f6 18. gxf6 gxf6 19. Ng4 Kh8 20. Nh6
f5 21. Rhg1 Qf6 22. Qd2 Bc6 23. Rg5 Bf3 24. Rdg1 f4 25. Ng4 Bxg4 26. R1xg4 e5
1/2-1/2

[Event "Plzen, FSB A"]
[Site "?"]
[Date "2003.??.??"]
[Round "2.33"]
[White "Priborsky, J."]
[Black "Prazak, O."]
[Result "1-0"]
[WhiteElo "2181"]
[BlackElo "2010"]
[PlyCount "57"]
[EventDate "2003.??.??"]
[Source "ChessBase"]
[SourceDate "1996.11.15"]

1. e4 c6 2. d4 d5 3. exd5 cxd5 4. c4 Nf6 5. Nc3 Nc6 6. Bg5 dxc4 7. d5 Ne5 8.
Qd4 Nd3+ 9. Bxd3 cxd3 10. Nf3 e6 11. O-O Be7 12. Bf4 exd5 13. Nb5 O-O 14. Nc7
Rb8 15. Nxd5 Ra8 16. Nxe7+ Qxe7 17. Bd6 Qe4 18. Bxf8 Qxd4 19. Nxd4 Kxf8 20.
Rfd1 b6 21. Rxd3 Ba6 22. Rdd1 Ne4 23. f3 Nc5 24. b4 Na4 25. b5 Bb7 26. Rac1 Nc5
27. Nb3 Nxb3 28. axb3 Rc8 29. Rxc8+ 1-0

[Event "Plzen, FSB A"]
[Site "?"]
[Date "2003.??.??"]
[Round "2.34"]
[White "Kamenik, M."]
[Black "Pech, V."]
[Result "1/2-1/2"]
[WhiteElo "2057"]
[BlackElo "2171"]
[PlyCount "37"]
[EventDate "2003.??.??"]
[Source "ChessBase"]
[SourceDate "1996.11.15"]

1. e4 c5 2. f4 Nc6 3. Nf3 e6 4. g3 Nge7 5. Bg2 d5 6. e5 Nf5 7. O-O Be7 8. c3 h5
9. d3 Qc7 10. a4 b6 11. Na3 a6 12. Nc2 Bb7 13. Ne3 g6 14. Nxf5 gxf5 15. h4 d4
16. c4 O-O-O 17. Bd2 a5 18. Kh2 Rdg8 19. Qe2 1/2-1/2

[Event "Plzen, FSB A"]
[Site "?"]
[Date "2003.??.??"]
[Round "2.35"]
[White "Kubikova, A."]
[Black "Barbet, L."]
[Result "1/2-1/2"]
[WhiteElo "2170"]
[BlackElo "1900"]
[PlyCount "60"]
[EventDate "2003.??.??"]
[Source "ChessBase"]
[SourceDate "1996.11.15"]

1. e4 c5 2. Nf3 Nc6 3. d4 cxd4 4. Nxd4 Nf6 5. Nc3 e6 6. Ndb5 Bb4 7. Bf4 Nxe4 8.
Nc7+ Kf8 9. Nxa8 Qf6 10. Be3 Nxc3 11. bxc3 Bxc3+ 12. Ke2 Bxa1 13. Qd6+ Kg8 14.
Qc7 Qd8 15. Qxd8+ Nxd8 16. Bxa7 Nc6 17. Bc5 f5 18. Nb6 Kf7 19. Kd2 Be5 20. g3
d6 21. Be3 Bd4 22. Bxd4 Nxd4 23. Bg2 e5 24. Rb1 Be6 25. Bxb7 Rb8 26. Na4 Ke7
27. Nc3 e4 28. a4 Bc8 29. Bd5 Rxb1 30. Nxb1 Ba6 1/2-1/2

[Event "Plzen, FSB A"]
[Site "?"]
[Date "2003.??.??"]
[Round "2.36"]
[White "Sedlacek, J."]
[Black "Michalek, J."]
[Result "0-1"]
[WhiteElo "2083"]
[BlackElo "2390"]
[PlyCount "62"]
[EventDate "2003.??.??"]
[Source "ChessBase"]
[SourceDate "1996.11.15"]

1. c4 Nf6 2. Nc3 e5 3. Nf3 d6 4. g3 g6 5. Bg2 Bg7 6. O-O O-O 7. d3 Nc6 8. Rb1
a5 9. a3 h6 10. b4 axb4 11. axb4 Be6 12. b5 Ne7 13. Qc2 Nd7 14. Bd2 f5 15. Rfc1
g5 16. Bxg5 hxg5 17. Nxg5 Nc5 18. Nxe6 Nxe6 19. Bxb7 Rb8 20. Bg2 Bh6 21. Rf1
Qe8 22. Nd5 Kh8 23. Nb4 Qh5 24. Qb2 Rf7 25. Na6 Rg8 26. c5 Rh7 27. h3 Nf4 28.
h4 Bf8 29. cxd6 cxd6 30. Qa2 Rgg7 31. g4 Qxg4 0-1

[Event "Plzen, FSB A"]
[Site "?"]
[Date "2003.??.??"]
[Round "2.37"]
[White "Horak, M."]
[Black "Reitinger, P."]
[Result "1/2-1/2"]
[WhiteElo "2341"]
[BlackElo "2083"]
[PlyCount "88"]
[EventDate "2003.??.??"]
[Source "ChessBase"]
[SourceDate "1996.11.15"]

1. e4 e6 2. Qe2 c5 3. f4 Nc6 4. Nf3 g6 5. c3 Bg7 6. d3 Nge7 7. Be3 b6 8. g3 O-O
9. Bg2 d5 10. e5 Ba6 11. Bf2 Rb8 12. O-O d4 13. Rd1 dxc3 14. bxc3 Nd5 15. c4
Nde7 16. g4 Qc7 17. Nc3 Rbd8 18. Ne4 Bb7 19. Nf6+ Kh8 20. Be3 Nd4 21. Qf2 Nxf3+
22. Bxf3 Bxf3 23. Qxf3 Nc6 24. g5 Nd4 25. Bxd4 Rxd4 26. Ne4 Rfd8 27. a4 Qc6 28.
Ra3 Bf8 29. Rb1 Be7 30. h4 h5 31. Qe3 Kg7 32. a5 bxa5 33. Rb5 a6 34. Rbxa5 Qb6
35. Nf2 Ra8 36. Kh2 Bd8 37. R5a4 a5 38. Kg3 Qc6 39. Qf3 Qxf3+ 40. Kxf3 Rb8 41.
Ke3 Rb1 42. Ra1 Rb3 43. R4a3 Rb2 44. R3a2 Rb3 1/2-1/2

[Event "Plzen, FSB A"]
[Site "?"]
[Date "2003.??.??"]
[Round "2.38"]
[White "Cvikl, M."]
[Black "Blazkova, P."]
[Result "0-1"]
[WhiteElo "2078"]
[BlackElo "2222"]
[PlyCount "64"]
[EventDate "2003.??.??"]
[Source "ChessBase"]
[SourceDate "1996.11.15"]

1. Nf3 c5 2. b3 d6 3. Bb2 e5 4. d3 g6 5. g3 Bg7 6. Bg2 Ne7 7. O-O O-O 8. Nfd2
Nbc6 9. c4 Bg4 10. h3 Be6 11. e3 Nb4 12. Ne4 f5 13. Ng5 Bc8 14. f4 h6 15. Nf3
e4 16. Bxg7 exf3 17. Bxf8 fxg2 18. Kxg2 Qxf8 19. Na3 Bd7 20. d4 Qf6 21. Qd2 Qe6
22. Rad1 Re8 23. Nb1 Qe4+ 24. Kh2 Nc8 25. Rde1 Qc2 26. Rf2 Qxd2 27. Rxd2 cxd4
28. a3 Nc6 29. Rde2 d3 30. Rf2 Nd4 31. Nd2 Nc2 32. Rc1 Rxe3 0-1

[Event "Plzen, FSB A"]
[Site "?"]
[Date "2003.??.??"]
[Round "2.41"]
[White "Podbrdsky, P."]
[Black "Vladyka, V."]
[Result "1/2-1/2"]
[WhiteElo "2142"]
[BlackElo "2079"]
[PlyCount "37"]
[EventDate "2003.??.??"]
[Source "ChessBase"]
[SourceDate "1996.11.15"]

1. c4 c5 2. Nc3 Nc6 3. g3 g6 4. Bg2 Bg7 5. e3 e5 6. Nge2 Nge7 7. O-O O-O 8. d3
d6 9. Rb1 Be6 10. Nd5 Qd7 11. Nec3 Rab8 12. b3 Bh3 13. Bb2 Bxg2 14. Kxg2 Nxd5
15. Nxd5 Ne7 16. Nxe7+ Qxe7 17. e4 f5 18. f3 Bh6 19. Bc1 1/2-1/2